| 000 | 00658na a2200217 4500 | ||
|---|---|---|---|
| 001 | 13284 | ||
| 003 | MIRAKIL | ||
| 005 | 20181213154801.0 | ||
| 008 | 160826b tu 000 0 | ||
| 035 | _a13284 | ||
| 040 |
_aMilas _btur _cTR-AnCHP |
||
| 082 |
_aATA 355.1342 _bA72 1986 |
||
| 090 | _aATA 355.1342 A72 1986 | ||
| 245 |
_aAtatürk'ün nişan ve madalyaları _chazırlayan: Nusret Baycan |
||
| 260 |
_aAnkara _bTarih ve Stratejik Etüt Başkanlığı _c1986 |
||
| 300 |
_aiii, 197 s. _bfotg. , tbl. _c24 sm. |
||
| 504 | _aKaynakça var. | ||
| 600 |
_aAtatürk, Mustafa Kemal _d1881-1938 _xMadalyalar |
||
| 700 | _aBaycan, Nusret | ||
| 942 |
_2dcc _cBKS |
||
| 999 |
_c785 _d785 |
||